| 000 | 00554nam a22001817a 4500 | ||
|---|---|---|---|
| 003 | OSt | ||
| 005 | 20260416051616.0 | ||
| 008 | 260416b |||||||| |||| 00| 0 eng d | ||
| 020 | _a971-40-0001-7 | ||
| 040 |
_aDWCL - Main Lib. _cOC |
||
| 082 | _aFil. 398.9 B644 [1994?] | ||
| 100 |
_aAlba, Rene _eCompiler and Editor |
||
| 245 |
_aBook of Filipino proverbs and sayings / _cRene Alba |
||
| 260 |
_aCaloocan City: _bMizrack Publications, _c[1994?] |
||
| 300 |
_a134p. : _billus. ; _c19cm. |
||
| 650 | _a1. Proverbs, Filipino. | ||
| 942 |
_2ddc _cBK - FIL _n0 |
||
| 999 |
_c9496 _d9496 |
||